Democracy in India; (Record no. 54042)

MARC details
000 -LEADER
fixed length control field 00649cam a22002171 4500
001 - CONTROL NUMBER
control field sa 63001601
003 - CONTROL NUMBER IDENTIFIER
control field DLC
005 - DATE AND TIME OF LATEST TRANSACTION
control field 20260227111928.0
008 - FIXED-LENGTH DATA ELEMENTS--GENERAL INFORMATION
fixed length control field 840407s1960 ii 100 0 eng
010 ## - LIBRARY OF CONGRESS CONTROL NUMBER
LC control number sa 63001601
035 ## - SYSTEM CONTROL NUMBER
System control number (OCoLC)10604247
040 ## - CATALOGING SOURCE
Original cataloging agency DLC
Transcribing agency CLS
Modifying agency CLS
-- DLC
042 ## - AUTHENTICATION CODE
Authentication code premarc
050 00 - LIBRARY OF CONGRESS CALL NUMBER
Classification number HC435
Item number .D38 1960
245 10 - TITLE STATEMENT
Title Democracy in India;
Statement of responsibility, etc. a symposium organised by the Forum of Free Enterprise.
260 ## - PUBLICATION, DISTRIBUTION, ETC.
Place of publication, distribution, etc. Bombay,
Name of publisher, distributor, etc. Dhawale Popular
Date of publication, distribution, etc. [1960]
300 ## - PHYSICAL DESCRIPTION
Extent 193 p.
Dimensions 17 cm.
651 #0 - SUBJECT ADDED ENTRY--GEOGRAPHIC NAME
Geographic name India
General subdivision Economic conditions
Chronological subdivision 1945-
651 #0 - SUBJECT ADDED ENTRY--GEOGRAPHIC NAME
Geographic name India
General subdivision Politics and government
Chronological subdivision 1947-
710 2# - ADDED ENTRY--CORPORATE NAME
Corporate name or jurisdiction name as entry element Forum of Free Enterprise.

No items available.

Powered by Koha